The noble scholar, jurist, historian


 His Excellency Dr. Abdul Wahhab bin Ibrahim Abu Sulaiman, may Allah have mercy on him.


 He was born in Umm Al-Qura in the year 1356 AH.

مدخل الفقه الجنائي الإسلامي / (Record no. 12247)

MARC details
000 -LEADER
fixed length control field 01813cam a22002891i 4500
003 - CONTROL NUMBER IDENTIFIER
control field SA-RiAUC
005 - DATE AND TIME OF LATEST TRANSACTION
control field 20250930124813.0
008 - FIXED-LENGTH DATA ELEMENTS--GENERAL INFORMATION
fixed length control field 250805s1972 ua g b 00000 ara c
024 0# - OTHER STANDARD IDENTIFIER
Standard number or code 00000001007054
040 ## - CATALOGING SOURCE
Original cataloging agency SA-JeALM
Language of cataloging ara
Transcribing agency SA-RiAUC
Modifying agency AE-DuMBRL
Description conventions rda
050 #4 - LIBRARY OF CONGRESS CALL NUMBER
Item number .B34 1972
082 04 - DEWEY DECIMAL CLASSIFICATION NUMBER
Classification number 255
Assigning agency SA-RiAUC
090 ## - LOCALLY ASSIGNED LC-TYPE CALL NUMBER (OCLC); LOCAL CALL NUMBER (RLIN)
Classification number (OCLC) (R) ; Classification number, CALL (RLIN) (NR) 255
Local cutter number (OCLC) ; Book number/undivided call number, CALL (RLIN) ب هـ ن
100 1# - MAIN ENTRY--PERSONAL NAME
Personal name بهنسي، أحمد فتحي
Relator term مؤلف.
245 10 - TITLE STATEMENT
Title مدخل الفقه الجنائي الإسلامي /
Statement of responsibility, etc. دكتور أحمد فتحي بهنسي.
264 #1 - PRODUCTION, PUBLICATION, DISTRIBUTION, MANUFACTURE, AND COPYRIGHT NOTICE
Place of production, publication, distribution, manufacture القاهرة ؛
-- بيروت :
Name of producer, publisher, distributor, manufacturer دار الشروق،
Date of production, publication, distribution, manufacture, or copyright notice 1972
300 ## - PHYSICAL DESCRIPTION
Extent 212 صفحة ؛
Dimensions 24 سم.
336 ## - CONTENT TYPE
Content type term نص
Content type code txt
Source rdacontent
Materials specified كتاب
337 ## - MEDIA TYPE
Media type term بدون وسيط
Media type code n
Source rdamedia
338 ## - CARRIER TYPE
Carrier type term مجلد
Carrier type code nc
Source rdacarrier
504 ## - BIBLIOGRAPHY, ETC. NOTE
Bibliography, etc. note يشتمل على ببليوجرافية.
505 0# - FORMATTED CONTENTS NOTE
Formatted contents note المحتويات : مقدمة، المقصود بالفقه، الفقه الجنائي، قانون العقوبات الإسلامي-الباب الأول : الفصل الأول : الحدود : الحد في اللغة، أولا جريمة السرقة : أولا الأمور المتفق عليها، ثانيا : الأمور المختلف عليها، ثانيا : جريمة قطع الطريق (الحرابة) ...-الباب الثاني : التعزيز : الجرائم خلاف الحدود، الحدود التي لم تتكامل أركانها، معنى التعزيز، أنواع التعزيز، خصائص التعزيز : 1-التعزيز غير مقدر، 2-يجوز ضم نوع منه إلى نوع آخر ... وموضوعات أخرى.
650 #7 - SUBJECT ADDED ENTRY--TOPICAL TERM
Topical term or geographic name entry element الجنايات (فقه إسلامي)
Source of heading or term aucsh
650 #7 - SUBJECT ADDED ENTRY--TOPICAL TERM
Topical term or geographic name entry element الحدود (شريعة إسلامية)
Source of heading or term aucsh
942 ## - ADDED ENTRY ELEMENTS (KOHA)
Source of classification or shelving scheme Dewey Decimal Classification
Koha item type Books
Suppress in OPAC No
949 ## - LOCAL PROCESSING INFORMATION (OCLC)
a SA-JeALM
d 250805
u osman123
n 1
Holdings
Withdrawn status Lost status Source of classification or shelving scheme Damaged status Not for loan Home library Current library Date acquired Total checkouts Full call number Barcode Date last seen Price effective from Koha item type
    Dewey Decimal Classification     DR AbdElwahab Library DR AbdElwahab Library 09/30/2025   255 ب هـ ن 000019735 09/30/2025 09/30/2025 Books